00879nam a2200229 a 450000100100000000500170001000800410002702000150006804000250008310000260010824000560013424500890019026000320027930000280031149000340033950000310037350000730040483000410047704900090051895201050052799900170063200003401820200930070715.0110921s1980 es 000 0 spa d a8474321751 aDO-SdBNPbspacBNPHU1 aGilbert, Roger95946710aTítulo original :lfrancéskBon pour enseiguer?10a¿Quién es bueno para enseñar? :bproblemas de la formación de los docentes /. aBarcelona :bGedisa,c1980. a207 p. :bil. ;c21 cm.1 aBiblioteca de educaciónv12 aTercera reimpresión 1980 aIncluye referencias bibliográficas y notas al pie de las páginas 0aBiblioteca de educaciónv12946292 aBNPD 001050718MOaGRbGRcCTd2011-09-21iLF1l0o p34018-10r2020-06-25w2020-06-25y1ZNo se presta c33509d33509